Volar, el sueño del hombre / (Record no. 157904)

MARC details
000 -CABECERA
campo de control de longitud fija 00733nam a2200241 u 4500
005 - FECHA Y HORA DE LA ÚLTIMA TRANSACCIÓN
campo de control 20260307064017.0
008 - ELEMENTOS DE LONGITUD FIJA--INFORMACIÓN GENERAL
campo de control de longitud fija 120802s2003 mx r 000 0 spa d
020 ## - NÚMERO INTERNACIONAL NORMALIZADO PARA LIBROS
Número Internacional Estándar del Libro 9706882723
035 ## - NÚMERO DE CONTROL DEL SISTEMA
Número de control de sistema UPN01000185801
049 ## - COLECCIÓN
Colección I
050 #4 - SIGNATURA TOPOGRÁFICA DE LA BIBLIOTECA DEL CONGRESO
Número de clasificación TL505
Número de documento/Ítem J4.8
100 1# - ASIENTO PRINCIPAL--NOMBRE PERSONAL
Nombre de persona Jeunesse, Gallimard
9 (RLIN) 40094
245 10 - MENCIÓN DE TÍTULO
Título Volar, el sueño del hombre /
Mención de responsabilidad, etc. Gallimard Jeunesse.
260 ## - PUBLICACIÓN, DISTRIBUCIÓN, ETC.
Lugar de publicación, distribución, etc. México :
Nombre del editor, distribuidor, etc. SM :
-- Yolihue,
Fecha de publicación, distribución, etc. 2003.
300 ## - DESCRIPCIÓN FÍSICA
Extensión 58 p. :
Otras características físicas il. col.
440 #0 - MENCIÓN DE SERIE/ASIENTO SECUNDARIO--TÍTULO
Título Biblioteca mundo maravilloso ;
Designación de volumen o secuencia 9.
Nombre de parte o sección de la obra Ciencias
534 ## - NOTA SOBRE LA VERSIÓN ORIGINAL
Frase introductoria Título original:
Mención de título del original Voler comme l'oiseau
650 #4 - ASIENTO SECUNDARIO DE MATERIA - TERMINO TEMATICO
Término de materia o nombre geográfico como elemento de entrada AERONAUTICA -
Subdivisión de forma LITERATURA JUVENIL
9 (RLIN) 2019
650 #4 - ASIENTO SECUNDARIO DE MATERIA - TERMINO TEMATICO
Término de materia o nombre geográfico como elemento de entrada Aeronaútica
Subdivisión general Historia
9 (RLIN) 299
650 #2 - ASIENTO SECUNDARIO DE MATERIA - TERMINO TEMATICO
Término de materia o nombre geográfico como elemento de entrada Vuelo
9 (RLIN) 14239
905 ## - TIPO DE MATERIAL
Tipo de material Infantil
Holdings
Estado de retiro Estado de pérdida Fuente del sistema de clasificación o colocación Estado dañado No para préstamo Código de colección Localización permanente Ubicación/localización actual Ubicación en estantería Fecha de adquisición Total de préstamos Clasificación Código de barras Fecha visto por última vez Fecha del último préstamo Número de copia Tipo de ítem Koha
    Library of Congress Classification     Infantil Bib. Gregorio Torres Quintero Bib. Gregorio Torres Quintero Sala infantil Planta baja 10/05/2023 1 TL505 J4.8 257389 28/11/2024 24/10/2024 1 Libro